000 00261nam a22001217a 4500
008 171011b xxu||||| |||| 00| 0 eng d
041 _aeng
080 _a316
100 _a50
101 _aSOC
245 _aPARTY AND SOCIETY
_cALFORD.R.R
942 _2udc
_cBK
999 _c33179
_d33179